000
00301nam a2200145Ia 4500
100
_a
Bishop/Matt
942
_c
BK
366
_f
17.5
245
_a
Introduction to Computer Security
260
_b
Pearson Education
_c
2009
082
_a
5.8
_b
BIS
300
_a
585
546
_a
ENGLISH
999
_c
30864
_d
30864